Guide to biometrics (Record no. 159426)

MARC details
000 -LEADER
fixed length control field 00355nam a2200145Ia 4500
008 - FIXED-LENGTH DATA ELEMENTS--GENERAL INFORMATION
fixed length control field 230917s9999||||xx |||||||||||||| ||und||
040 ## - CATALOGING SOURCE
-- 196468
Original cataloging agency VIVEKANANDA LIBRARY
041 ## - Language
-- English
082 ## - DDC NUMBER
Classification number 006.4 B638G
100 ## - MAIN ENTRY--PERSONAL NAME
Personal name Bolle, Ruud M
245 #0 - TITLE STATEMENT
Title Guide to biometrics
260 ## - PUBLICATION, DISTRIBUTION, ETC. (IMPRINT)
Place of publication, distribution, etc New Delhi
Name of publisher, distributor, etc Springer (India)
Date of publication, distribution, etc 2004
300 ## - PHYSICAL DESCRIPTION
Pages xxix, 364 p.
942 ## - ADDED ENTRY ELEMENTS (KOHA)
Koha item type Books
Holdings
Withdrawn status Lost status Damaged status Not for loan Location (home branch) Sublocation or collection (holding branch) Date acquired Koha issues (times borrowed) Koha full call number Accession No. Koha date last seen Koha item type
        VIVEKANANDA LIBRARY VIVEKANANDA LIBRARY 14/02/2012   006.4 B638G 292424 17/09/2023 Books
© Designed and Maintained by Vivekananda Library, MDU Rohtak